000
00212 a2200097 4500
001
43010
100
_a
Windsor
245
_a
The duchess of Windsor
260
_a
London
_b
Michael Joseph
_c
090
_c
26883
_d
26883
942
_a
NUST-CAE
_c
M
_c
18761
999
_c
278083
_d
278083